Medicina indígena de América
Na minha lista:
| Autor principal: | |
|---|---|
| Formato: | Livro |
| Idioma: | espanhol |
| Publicado em: |
Buenos Aires
Universitaria
1969
|
| Colecção: | Cuadernos de Eudeba, 182
|
| Assuntos: | |
| Tags: |
Adicionar Tag
Sem tags, seja o primeiro a adicionar uma tag!
|
MARC
| LEADER | 00000nam a2200000 a 4500 | ||
|---|---|---|---|
| 001 | UCI5327 | ||
| 003 | CL-VaPUC | ||
| 008 | 080320e19690000AG |||||||||||||||||spa|d | ||
| 082 | 0 | 4 | |a 980.013 |b SEG |2 21 |
| 100 | 0 | |a Seggiaro, Luis A |e author |9 527635 | |
| 245 | 1 | 0 | |a Medicina indígena de América |
| 300 | |a 78 p | ||
| 942 | |c BK | ||
| 945 | |d 20080320 00:00:00 |a jtorresc | ||
| 260 | |a Buenos Aires |b Universitaria |c 1969 | ||
| 650 | 7 | |a MITOLOGIA INDIGENA |2 CL-VaPUC |9 268054 | |
| 650 | 7 | |a MEDICINA INDIGENA |2 CL-VaPUC |9 311909 | |
| 650 | 7 | |a INDIOS DE AMERICA |2 CL-VaPUC |9 446504 | |
| 650 | 0 | |a Rituales |9 349198 | |
| 650 | 7 | |a MEDICINA POPULAR |2 CL-VaPUC |9 311908 | |
| 650 | 0 | |a Chamanismo |9 325290 | |
| 651 | 0 | |a América del Sur |9 260128 | |
| 583 | |a last modification |c 20080320 00:00:00 |k Rodrigo Vera | ||
| 490 | 0 | |a Cuadernos de Eudeba, 182 | |
| 999 | |c 329080 |d 329078 | ||
| 952 | |0 0 |1 0 |4 0 |6 980_013000000000000_SEG_1969 |7 0 |8 A |9 413401 |a BIBHIS |b BIBHIS |d 2019-11-22 |i 441683K |o 980.013 SEG 1969 |p 441683K |r 2025-01-20 |w 2019-11-22 |y BK |k HIS | ||